|
|
|
|
| LEADER |
00000ngm a2200000 a 4500 |
| 001 |
vtls009348642 |
| 003 |
SK-MaSNL |
| 005 |
20260507070436.0 |
| 007 |
vd cvaizs |
| 008 |
081016s2008 xo 085 e vlcze |
| 040 |
|
|
|a SNK
|b slo
|c SNK
|e AACR2
|
| 041 |
0 |
|
|a cze
|b cze
|
| 044 |
|
|
|a xo
|c SK
|
| 072 |
|
7 |
|a 791
|x Film. Cirkus. Ľudová zábava
|2 konspekt
|
| 080 |
|
|
|a (437.3)
|2 2001
|
| 080 |
|
|
|a (0.034.44)
|2 2001
|
| 080 |
|
|
|a 791.221.2
|2 2001
|
| 245 |
0 |
0 |
|a Anděl na horách
|h videozáznam
|c [réžia] Bořivoj Zeman
|
| 260 |
|
|
|a [Bratislava
|b Ringier
|c 2008]
|
| 300 |
|
|
|a 1 videodisk (DVD) (85 min.)
|b fareb., zvuk.,
|c 12 cm
|
| 500 |
|
|
|a Zvuk Dolby Digital ; obraz PAL 4:3
|
| 500 |
|
|
|a Názov z disku
|
| 511 |
0 |
|
|a Hrajú: Jaroslav Marvan, Milada Želenská, Jaroslav Mareš, Josef Kemr, Stella Zázvorková, Rudolf Deyl, Milena Dvorska, Karol Machata, Theodor Pištek, František Filipovský
|
| 518 |
|
|
|a Český hraný film z roku 1955
|
| 546 |
|
|
|a V originálnom čes. znení ; české titulky - pre nepočujúcich
|
| 650 |
0 |
7 |
|a hrané filmy
|2 SNKPH
|9 68885
|
| 650 |
0 |
7 |
|a filmová komédia
|2 SNKPH
|9 73961
|
| 655 |
|
7 |
|a DVD
|2 SNKPH
|9 70751
|
| 700 |
1 |
|
|a Zeman, Bořivoj,
|d 1912-1991
|4 drt
|9 118807
|
| 700 |
1 |
|
|a Marvan, Jaroslav,
|d 1901-1974
|4 act
|9 114143
|
| 700 |
1 |
|
|a Želenská, Milada
|4 act
|9 318070
|
| 700 |
1 |
|
|a Mareš, Jaroslav,
|d 1921-2003
|4 act
|9 1638328
|
| 700 |
1 |
|
|a Kemr, Josef,
|d 1922-1995
|4 act
|9 7508
|
| 700 |
1 |
|
|a Zázvorková, Stella,
|d 1922-2005
|4 act
|9 206943
|
| 700 |
1 |
|
|a Deyl, Rudolf,
|d 1912-1967
|4 act
|9 117529
|
| 700 |
1 |
|
|a Dvorská, Milena,
|d 1938-2009
|4 act
|9 264617
|
| 700 |
1 |
|
|a Machata, Karol,
|d 1928-2016
|4 act
|9 50535
|
| 700 |
1 |
|
|a Pištěk, Theodor,
|d 1895-1960
|4 act
|9 261519
|
| 700 |
1 |
|
|a Filipovský, František,
|d 1907-1993
|4 act
|9 1638077
|
| 999 |
|
|
|c 570849
|d 572779
|
| 952 |
|
|
|a SNK
|b SNK
|y PREZ
|7 0
|p 17A0602244
|o snkSDVD 346
|i snk2008/19880
|8 0
|0 0
|1 0
|4 0
|d 2008-10-16
|l 0
|r 2026-02-23 14:14:27
|w 2026-02-23
|
| 952 |
|
|
|a SNK
|b SNK
|y PREZ
|7 0
|p 17A0602243
|o snkSDVD 346 D1
|i snk2008/19881
|8 0
|0 0
|1 0
|4 0
|d 2008-10-16
|l 0
|r 2026-02-23 14:14:27
|w 2026-02-23
|